| 000 | 00690nam a22002177a 4500 | ||
|---|---|---|---|
| 005 | 20240530110625.0 | ||
| 008 | 170103s2015 ua g 000 f ara d | ||
| 017 |
_a2009/7880 _bمصر. دار الكتب |
||
| 020 | _a9789770926390 | ||
| 040 |
_aEG-CaGPL _cEG-CaGPL |
||
| 082 | 0 | 4 |
_221 _a813.03\ _bخ س |
| 100 | 0 | _aخالد الخميسى | |
| 245 | 1 | 0 |
_aسفينة نوح / _cخالد الخميسى |
| 250 | _aط. 10 | ||
| 260 |
_aالقاهرة : _bدار الشروق ، _c2015. |
||
| 300 |
_a411 ص. ؛ _c19 سم. |
||
| 650 | 0 | 7 |
_2qrmak _aالادب العربى |
| 650 | 0 | 7 |
_2qrmak _aالقصص العربية |
| 942 |
_2ddc _cBK |
||
| 999 |
_c63143 _d63143 |
||